00447nam a2200145Ia 4500008004100000082001500041082000800056245007800064245001400142260001400156300000900170942000800179999001900187952009500206231017s9999 xx 000 0 und d a388.112099 bPAU 0aEconomic Evaluation of Road Investment Proposals: Risk Analysis (AP-R203) 0cAustroads bAustroads c30cm cREP c604298d604298 00104070aNITbNITd2023-10-17l0o388.112099 PAUpNIT-1127r2023-10-17w2023-10-17yREP